Bases fisiológicas de las pruebas de la función renal / (Record no. 176069)

MARC details
000 -LEADER
campo de control de longitud fija 00932nam a22002295i 4500
001 - NÚMERO DE CONTROL
campo de control 176069
003 - IDENTIFICADOR DE NÚMERO DE CONTROL
campo de control ES-MaACL
005 - FECHA Y HORA DE LA ÚLTIMA TRANSACCIÓN
campo de control 20231227192103.0
008 - DATOS DE LONGITUD FIJA--INFORMACIÓN GENERAL
campo de control de longitud fija 101214s1953 sp |||| | spa d
080 ## - NÚMERO DE LA CLASIFICACIÓN DECIMAL UNIVERSAL
Número de la Clasificación Decimal Universal 612.46
245 00 - MENCIÓN DEL TÍTULO
Título Bases fisiológicas de las pruebas de la función renal /
Mención de responsabilidad, etc. por F. Grande Covián.
260 ## - PUBLICACIÓN, DISTRIBUCIÓN, ETC.
Lugar de publicación, distribución, etc. Madrid :
Nombre del editor, distribuidor, etc. Servicio de Medicina Interna Hospital Militar "Gómez Ulla",
Fecha de publicación, distribución, etc. 1953.
300 ## - DESCRIPCIÓN FÍSICA
Extensión 28 p. ;
Dimensiones 17 cm.
490 1# - MENCIÓN DE SERIE
Mención de serie Cuadernos de medicina interna ;
Designación de volumen o secuencia 8
500 ## - NOTA GENERAL
Nota general Texto de la conferencia pronunciada por el Profesor F. Grande Covián, el día 12 de marzo de 1953, en el Hospital Militar "Gómez Ulla"
650 #4 - PUNTO DE ACCESO ADICIONAL DE MATERIA--TÉRMINO DE MATERIA
Término de materia o nombre geográfico como elemento de entrada Riñones-
Subdivisión general Fisiología.
9 (RLIN) 144309
700 1# - ENTRADA AGREGADA--NOMBRE PERSONAL
Nombre de persona Grande Covián, Francisco,
Fechas asociadas al nombre 1909-1995
9 (RLIN) 59588
710 2# - ENTRADA AGREGADA--NOMBRE DE ENTIDAD CORPORATIVA
Nombre de entidad corporativa o nombre de jurisdicción como elemento de entrada Hospital Militar Central "Gómez Ulla"
9 (RLIN) 141700
830 0# - PUNTO DE ACCESO ADICIONAL DE SERIE-TÍTULO UNIFORME
Título uniforme Cuadernos de medicina interna ;
Designación de volumen o secuencia 8
9 (RLIN) 183827
852 ## - LOCALIZACIÓN
Ubicación ES-MaACL
Número de control de estantería 2086-F-2
Holdings
Estatus retirado Estado de pérdida Estado de daño No para préstamo Colección Biblioteca de origen Biblioteca actual Ubicación en estantería Fecha de adquisición Fuente de adquisición Total de préstamos Signatura topográfica completa Código de barras Visto por última vez Precio de reemplazo Tipo de ítem Koha
        Colección de folletos Biblioteca del Ateneo de Madrid Biblioteca del Ateneo de Madrid Depósito folletos 14/12/2010     2086-F-2 1184910 23/02/2023 23/02/2023 Folleto